000 00718nam a2200205 a 4500
001 000021629
005 20200930011405.0
008 100909s1997 gw ab 000 0 spa d
020 _z382631276X
040 _aDO-SdBNP
_bspa
_cBNPHU
041 1 7 _2eng
082 _a577.52
_bB687d
100 1 _aBolay, Eberhard
_937795
245 1 0 _aThe Dominican Republic a country between rain forest and desert :
_bcontributions to the ecology of a caribbean island /
_cEberhard Bolay.
260 _aWeikersheim :
_bMargraf Verlag,
_c1997.
300 _a456 p. :
_bil. ; map. ;
_c24 cm.
500 _aIncluye notas al pie de páginas
650 4 _aEcología de islas
_zRepública Dominicana
_xInvestigaciones
_945003
049 _aBNPD
999 _c21128
_d21128